Translated Spanish Names - Statistics

General Stats
  • This quiz has been taken 31 times
  • The average score is 8 of 18
Answer Stats
Translated Name Name % Correct
Julius Churches Julio Iglesias
85%
Penelope Cross Penélope Cruz
81%
Dolores of the River Dolores del Río
73%
William of the Bull Guillermo del Toro
73%
Alphonse Kings Alfonso Reyes
69%
Anthony Flags Antonio Banderas
65%
Camila Hair Camila Cabello
58%
Fidel Fort Fidel Castro
58%
Octavian Peace Octavio Paz
54%
Ferdinand Towers Fernando Torres
50%
Jessica Dawn Jessica Alba
31%
Albert Counter Alberto Contador
19%
Marius Tanned Mario Moreno
15%
Serge Branches Sergio Ramos
12%
Andre Beautiful Andrés Bello
8%
Oscar of the Pit Óscar de la Hoya
4%
Michael Noble Miguel Hidalgo
0%
Serge Omen Sergio Agüero
0%
No matching quizzes found
Score Distribution
Percent of People with Each Score
Percentile by Number Answered
Your Score History
You have not taken this quiz